Young tableaux in combinatorics, invariant theory, and algebra : an anthology of recent work /

Bibliographic Details
Other Authors: Kung, Joseph P. S.
Format: Book
Language:English
Published: New York : Academic Press, 1982.
Subjects:

MARC

Tag First Indicator Second Indicator Subfields
LEADER 00000pam a2200000 a 4500
001 in00000098749
005 20150924155746.0
008 820528s1982 nyua b 00000 eng
010 |a  82011330  
020 |a 0124287808 
035 |a (OCoLC)08553573 
035 |9 AAK9872AM 
039 0 |a 2  |b 3  |c 3  |d 3  |e 3 
040 |a DLC  |c DLC  |d TXA  |d UtOrBLW 
049 |a TXAM  |c [986172] 
050 0 0 |a QA164  |b  Y68 1982 
082 0 |a 511/.6  |2 19 
245 0 0 |a Young tableaux in combinatorics, invariant theory, and algebra :  |b an anthology of recent work /  |c edited by Joseph P.S. Kung. 
264 1 |a New York :  |b Academic Press,  |c 1982. 
300 |a viii, 334 pages :  |b illustrations ;  |c 24 cm. 
336 |a text  |b txt  |2 rdacontent 
337 |a unmediated  |b n  |2 rdamedia 
338 |a volume  |b nc  |2 rdacarrier 
504 |a Includes bibliographies. 
650 0 |a Combinatorial analysis. 
650 0 |a Invariants. 
650 0 |a Algebra. 
650 0 |a Young tableaux. 
700 1 |a Kung, Joseph P. S. 
999 |a MARS 
999 f f |s 9a56d33d-c06f-3fb9-9b85-66c5dbe57ecb  |i 2b61b7eb-fee3-303d-afef-12269fad727e  |t 0 
952 f f |p ric  |a Texas A&M University  |b Rellis Campus  |c Joint Library Facility  |d Remote Storage  |t 0  |e QA164 Y68 1982  |h Library of Congress classification  |i unmediated -- volume  |m A14806033286 
998 f f |a QA164 Y68 1982  |t 0  |l Remote Storage